|
|
|
|
| LEADER |
00948cam a2200265 7i4500 |
| 001 |
0000036352 |
| 005 |
20200522090000.0 |
| 007 |
##ta |
| 008 |
200522s2019 pau b 001 0 eng |
| 020 |
# |
# |
|a 9781522576105
|
| 040 |
# |
# |
|a MATR
|
| 090 |
0 |
0 |
|a B 658.0557
|b SED
|
| 100 |
1 |
# |
|a Sedkaoui, Soraya
|e author
|
| 245 |
1 |
0 |
|a Big Data Analytics for Entrepreneurial Success
|c Soraya Sedkaoui, Khemis Miliana University, Algeria & SRY Consulting, Montpellier, France.
|
| 264 |
# |
1 |
|a Hershey, PA:
|b Business Science Reference,
|c 2019.
|
| 300 |
# |
# |
|a xx, 300 pages;
|c 25 cm.
|
| 336 |
# |
# |
|a text
|2 rdacontent
|
| 337 |
# |
# |
|a unmediated
|2 rdamedia
|
| 338 |
# |
# |
|a volume
|2 rdacarrier
|
| 504 |
# |
# |
|a Includes bibliographical references and index
|
| 650 |
# |
0 |
|a Big data
|
| 650 |
# |
0 |
|a Management --
|x Statistical methods
|
| 650 |
# |
0 |
|a Entrepreneurship
|
| 650 |
# |
0 |
|a Business planning --
|x Statistical methods
|
| 999 |
|
|
|a 0000041010
|b Book
|c Book
|e Business Information Centre
|